El factor cristiano
Salvato in:
| Autore principale: | |
|---|---|
| Natura: | Libro |
| Lingua: | spagnolo |
| Pubblicazione: |
Córdoba
EDUCC
2004
|
| Edizione: | 1a. ed |
| Serie: | Jesuitas
|
| Soggetti: | |
| Tags: |
Aggiungi Tag
Nessun Tag, puoi essere il primo ad aggiungerne!!
|
MARC
| LEADER | 00000nam a2200000 a 4500 | ||
|---|---|---|---|
| 001 | UCJ1299 | ||
| 003 | CL-VaPUC | ||
| 008 | 061013e20040000AG |||||||||||||||||spa|d | ||
| 020 | |a 9871203004 | ||
| 082 | 0 | 4 | |a 230 |b GON |2 21 |
| 100 | |a González Faus, José Ignacio |e autor |9 598279 | ||
| 245 | 1 | 3 | |a El factor cristiano |
| 250 | |a 1a. ed | ||
| 300 | |a 455 p | ||
| 942 | |c BK | ||
| 945 | |d 20061013 00:00:00 |a cmena | ||
| 260 | |a Córdoba |b EDUCC |c 2004 | ||
| 650 | 0 | |a Teología cristiana |9 308336 | |
| 650 | 0 | |a Cristianismo |9 257361 | |
| 650 | 0 | |a Teología de la liberación |9 255471 | |
| 650 | 0 | |a Cristología |9 315091 | |
| 650 | 7 | |a CRISTIANISMO Y RELIGION |2 CL-VaPUC |9 501854 | |
| 583 | |a last modification |c 20061013 00:00:00 |k Rodrigo Vera | ||
| 490 | 0 | |a Jesuitas | |
| 999 | |c 317920 |d 317918 | ||
| 952 | |0 0 |1 0 |4 0 |6 230_000000000000000_GON_2004 |7 0 |8 A |9 395004 |a BIBTEO |b BIBTEO |d 2019-11-22 |i 4280997 |o 230 GON 2004 |p 4280997 |r 2025-01-17 |w 2019-11-22 |y BK |k ICR | ||